Composite materials for aircraft structures (Record no. 60394)

000 -LEADER
fixed length control field 01412cam a22003494a 4500
001 - CONTROL NUMBER
control field 13604008
003 - CONTROL NUMBER IDENTIFIER
control field NUST-PNEC
005 - DATE AND TIME OF LATEST TRANSACTION
control field 20170116180656.0
008 - FIXED-LENGTH DATA ELEMENTS--GENERAL INFORMATION
fixed length control field 040524s2004 vaua 000 0 eng
010 ## - LIBRARY OF CONGRESS CONTROL NUMBER
LC control number 2004012195
020 ## - INTERNATIONAL STANDARD BOOK NUMBER
International Standard Book Number 1563475405
040 ## - CATALOGING SOURCE
Original cataloging agency DLC
Transcribing agency PNEC
Modifying agency DLC
042 ## - AUTHENTICATION CODE
Authentication code pcc
050 00 - LIBRARY OF CONGRESS CALL NUMBER
Classification number TL699.C57
Item number B35 2004
082 00 - DEWEY DECIMAL CLASSIFICATION NUMBER
Classification number 629.134 BAK
100 ## - MAIN ENTRY--PERSONAL NAME
9 (RLIN) 232
Personal name Baker, Alan
245 00 - TITLE STATEMENT
Title Composite materials for aircraft structures
Statement of responsibility, etc. [edited by] Alan Baker, Stuart Dutton, Donald Kelly.
250 ## - EDITION STATEMENT
Edition statement 2nd ed.
260 ## - PUBLICATION, DISTRIBUTION, ETC.
Place of publication, distribution, etc. Reston, VA :
Name of publisher, distributor, etc. American Institute of Aeronautics and Astronautics,
Date of publication, distribution, etc. c2004.
300 ## - PHYSICAL DESCRIPTION
Extent xx, 599 p. :
Other physical details ill. ;
Dimensions 24 cm.
490 1# - SERIES STATEMENT
Series statement Education series
500 ## - GENERAL NOTE
General note Rev. ed. of: Composite materials for aircraft structures / edited by B.C. Hoskin and A.A. Baker. Includes Index http://www.amazon.com/Composite-Materials-Aircraft-Structures-Education/dp/1563475405/ref=sr_1_1?s=books&ie=UTF8&qid=1409389585&sr=1-1&keywords=1563475405
650 #0 - SUBJECT ADDED ENTRY--TOPICAL TERM
Topical term or geographic name entry element Airplanes
General subdivision Materials.
650 #0 - SUBJECT ADDED ENTRY--TOPICAL TERM
Topical term or geographic name entry element Composite materials.
General subdivision ME
700 1# - ADDED ENTRY--PERSONAL NAME
Personal name Baker, A. A.
Fuller form of name (Alan A.)
700 1# - ADDED ENTRY--PERSONAL NAME
Personal name Dutton, Stuart.
700 1# - ADDED ENTRY--PERSONAL NAME
Personal name Kelly, Donald
Fuller form of name (Donald W.)
830 #0 - SERIES ADDED ENTRY--UNIFORM TITLE
Uniform title AIAA education series.
906 ## - LOCAL DATA ELEMENT F, LDF (RLIN)
a 7
b cbc
c orignew
d 1
e ecip
f 20
g y-gencatlg
942 ## - ADDED ENTRY ELEMENTS (KOHA)
Source of classification or shelving scheme
Koha item type Book
Holdings
Withdrawn status Lost status Source of classification or shelving scheme Damaged status Not for loan Permanent Location Current Location Date acquired Source of acquisition Cost, normal purchase price Total Checkouts Full call number Barcode Date last seen Cost, replacement price Price effective from Koha item type
          Pakistan Navy Engineering College (PNEC) Pakistan Navy Engineering College (PNEC) 07/18/2005 Progressive International Agency 8203.00   629.134 BAK PNECLIB-027392 08/30/2014 8203.00 07/18/2005 Book
© 2023 Central Library, National University of Sciences and Technology. All Rights Reserved.